How animals hide. (Record no. 1142)

MARC details
000 -LEADER
fixed length control field 00424nam a2200169 a 4500
005 - DATE AND TIME OF LATEST TRANSACTION
control field 20260322212048.0
008 - FIXED-LENGTH DATA ELEMENTS--GENERAL INFORMATION
fixed length control field data
020 ## - INTERNATIONAL STANDARD BOOK NUMBER
International Standard Book Number 0870441442
020 ## - INTERNATIONAL STANDARD BOOK NUMBER
International Standard Book Number 9780870441448
092 ## - LOCALLY ASSIGNED DEWEY CALL NUMBER (OCLC)
Classification number 591.57 M335 1973
001 - CONTROL NUMBER
control field data
100 1# - MAIN ENTRY--PERSONAL NAME
Personal name McClung, Robert M.
245 10 - TITLE STATEMENT
Title How animals hide.
Statement of responsibility, etc. Robert M. McClung.
260 ## - PUBLICATION, DISTRIBUTION, ETC.
Place of publication, distribution, etc. Washington, D.C.
Name of publisher, distributor, etc. National Geographic Society
Date of publication, distribution, etc. 1973
650 #0 - SUBJECT ADDED ENTRY--TOPICAL TERM
Topical term or geographic name entry element Animals
650 #0 - SUBJECT ADDED ENTRY--TOPICAL TERM
Topical term or geographic name entry element Camouflage (Biology)
Holdings
Withdrawn status Lost status Damaged status Not for loan Home library Current library Shelving location Date acquired Total checkouts Full call number Barcode Date last seen Price effective from Koha item type
        Centerville Centerville General stacks 22/03/2026   GEN BC0011180 22/03/2026 22/03/2026 Books